[Event "Halden CC-ch"]
[Site "Halden"]
[Date "2012.01.24"]
[Round "6"]
[White "Endresen, Endre"]
[Black "Thorvaldsen, Petter"]
[Result "0-1"]
[WhiteElo "1100"]
[BlackElo "1120"]
[PlyCount "64"]
[EventDate "2012.01.24"]
[EventType "swiss"]
[EventRounds "9"]
[EventCountry "NOR"]
[SourceTitle "EXT 2024"]
[Source "ChessBase"]
[SourceDate "2023.10.10"]
[SourceVersion "1"]
[SourceVersionDate "2023.10.10"]
[SourceQuality "1"]

1. d4 d5 2. c4 c6 3. Nc3 Nf6 4. Nf3 Bf5 5. Ne5 Nbd7 6. Bf4 Nh5 7. e3 Nxf4 8. exf4 Nf6 9. f3 Qb6 10. b3 e6 11. c5 Qb4 12. Qd2 Be7 13. Bd3 Qxd4 14. Bxf5 Qxd2+ 15. Kxd2 exf5 16. b4 0-0 17. Rhe1 Nh5 18. Nd7 Rfe8 19. g3 f6 20. Re2 Rad8 21. b5 Rxd7 22. Rae1 Kf7 23. Re6 Rc8 24. bxc6 bxc6 25. Na4 Rcc7 26. Kd3 g6 27. Kd4 Ng7 28. R6e3 Bf8 29. Nb2 Re7 30. Rxe7+ Rxe7 31. Rxe7+ Bxe7 32. Nd3 Ne6+ 0-1

[Event "Halden Autumn"]
[Site "Halden"]
[Date "2011.??.??"]
[Round "5"]
[White "Endresen, Endre"]
[Black "Oberg, Lasse"]
[Result "1-0"]
[WhiteElo "1076"]
[BlackElo "998"]
[PlyCount "94"]
[EventDate "2011.08.30"]
[EventType "swiss"]
[EventRounds "9"]
[EventCountry "NOR"]
[SourceTitle "EXT 2024"]
[Source "ChessBase"]
[SourceDate "2023.10.10"]
[SourceVersion "1"]
[SourceVersionDate "2023.10.10"]
[SourceQuality "1"]

1. d4 e6 2. c4 Nf6 3. Nf3 c6 4. a3 Ne4 5. e3 g6 6. Bd3 Nd6 7. 0-0 Qc7 8. c5 Nf5 9. e4 Nh6 10. Bxh6 Bxh6 11. e5 Bf8 12. Nc3 d6 13. cxd6 Qd8 14. Ne4 Nd7 15. Nfd2 f6 16. f4 f5 17. Ng5 Nb6 18. b3 Nd5 19. Qf3 h6 20. Nh3 g5 21. Qh5+ Kd7 22. Qf7+ Be7 23. dxe7 Qxe7 24. Qxe7+ Kxe7 25. fxg5 hxg5 26. Nxg5 Rg8 27. h4 b6 28. Nc4 b5 29. Nd6 Ba6 30. b4 f4 31. Rf3 Rh8 32. Rh3 Ne3 33. Ra2 Nd5 34. Rf2 Raf8 35. Be4 Bc8 36. Nxc8+ Rxc8 37. Bxd5 cxd5 38. Rxf4 Rc1+ 39. Kh2 Rd1 40. Rf7+ Ke8 41. Rxa7 Rh6 42. Nf3 Rg6 43. Rg3 Rxg3 44. Kxg3 Rd3 45. h5 Rd1 46. Kh2 Rd3 47. h6 Kf8 1-0

[Event "Halden Autumn"]
[Site "Halden"]
[Date "2011.??.??"]
[Round "4"]
[White "Knudsen, Ragnar"]
[Black "Endresen, Endre"]
[Result "1-0"]
[WhiteElo "1814"]
[BlackElo "1076"]
[PlyCount "43"]
[EventDate "2011.08.30"]
[EventType "swiss"]
[EventRounds "9"]
[EventCountry "NOR"]
[SourceTitle "EXT 2024"]
[Source "ChessBase"]
[SourceDate "2023.10.10"]
[SourceVersion "1"]
[SourceVersionDate "2023.10.10"]
[SourceQuality "1"]

1. c4 e5 2. g3 Bc5 3. Bg2 Nc6 4. Nc3 Nf6 5. a3 a5 6. e3 d6 7. Nge2 Be6 8. d4 Bxc4 9. dxc5 dxc5 10. 0-0 Qxd1 11. Rxd1 0-0 12. Bxc6 bxc6 13. Bd2 Bxe2 14. Nxe2 Rad8 15. Bxa5 Rc8 16. Nc3 c4 17. Rac1 Ne8 18. Bb4 Nd6 19. Bxd6 cxd6 20. Rxd6 f6 21. Na4 Rc7 22. Rxc4 1-0